| 000 | 00864cam a22003017a 4500 | ||
|---|---|---|---|
| 003 | CHAP | ||
| 005 | 20220329142458.0 | ||
| 008 | 010531d2000 mx r 00110 spa d | ||
| 010 | _a84039 | ||
| 011 | _a85011 | ||
| 035 | _a95538 | ||
| 040 | _cCHAP | ||
| 082 | 0 | 4 |
_a657 _bA52 |
| 100 | 0 | 0 |
_aAnzures, Maximino _96186 |
| 245 | 1 | 0 |
_aContabilidad general : _c/por Maximino Anzures |
| 250 | _a2 ed. | ||
| 260 |
_aMéxico, D.F. : _bTrillas, _c1966. |
||
| 300 |
_a558 p. ; _bcuadros |
||
| 590 |
_aBATCH-UPD _b10 _c20130110 _lUCH01 _h0706 |
||
| 590 |
_aCONVERSION _b10 _c20130109 _lUCH01 _h1347 |
||
| 650 | 0 | 4 |
_aContabilidad financiera. _927426 |
| 650 | 0 | 4 |
_aContabilidad. _927421 |
| 650 | 0 | 4 |
_aEstados financieros. _938269 |
| 901 | _aBK | ||
| 905 | _aAlejandra Carrasco M. | ||
| 942 | _cLIBRO | ||
| 949 |
_a657 A52 _bBC _cLIBRO _d33724000835187 _eLIBRO _h100269 _i95538 _si |
||
| 999 |
_c84039 _d84039 |
||